Dirección de Marketing: fundamentos y software de aplicaciones
Wedi'i Gadw mewn:
| Prif Awdur: | |
|---|---|
| Fformat: | Llyfr |
| Iaith: | Sbaeneg |
| Cyhoeddwyd: |
Madrid
McGraw-Hill
1992
|
| Rhifyn: | 1a. ed |
| Pynciau: | |
| Tagiau: |
Ychwanegu Tag
Dim Tagiau, Byddwch y cyntaf i dagio'r cofnod hwn!
|
MARC
| LEADER | 00000cam a2200000 a 4500 | ||
|---|---|---|---|
| 001 | UCD8997 | ||
| 003 | CL-VaPUC | ||
| 008 | 170602e19920000sp |||||||||||||||||spa|d | ||
| 020 | |a 8476158149 | ||
| 082 | 0 | 4 | |a 658.8 |b GRA |2 21 |
| 100 | |a Grande Esteban, Ildefonso |e author |9 592643 | ||
| 245 | 1 | 0 | |a Dirección de Marketing: fundamentos y software de aplicaciones |
| 250 | |a 1a. ed | ||
| 300 | |a 401 p | ||
| 942 | |c BK | ||
| 945 | |d 20170602 23:29:00 |a dcastane | ||
| 260 | |a Madrid |b McGraw-Hill |c 1992 | ||
| 650 | 0 | |a Marketing |9 259324 | |
| 650 | 0 | |a Administración de empresas |9 260833 | |
| 583 | |a last modification |c 20170602 23:29:00 |k Rodrigo Vera | ||
| 999 | |c 368302 |d 368300 | ||